K interpretácii literatúry pre mládež (poznámky, výhľady)

Bibliographic Details
Main Author: Kopál, Ján, 1925-2000 (Author)
Format: Article
Language:Slovak
Subjects:

MARC

LEADER 00000nab a2200000uu 4500
001 vtls011506521
003 SK-MaSNL
005 20260304025938.0
008 250310|1971 xo |||||||||||||||||slo|
015 |a SNBRB 
035 |a (urnnbn)urn:nbn:sk:snk:ar-a0aw00 
035 |a (uuid)56349034-e4e3-4010-b9a4-d0bb664c0162 
035 |a urn:nbn:sk:snk-abdzop 
040 |a SNKBUCL  |b slo  |c SNKBUCL  |e AACR2 
041 0 |a slo 
044 |a xo  |c SK 
100 1 |a Kopál, Ján,  |d 1925-2000  |4 aut  |9 102409 
245 1 0 |a K interpretácii literatúry pre mládež  |b (poznámky, výhľady)  |c Ján Kopál 
650 0 7 |a literatúra pre mládež  |2 SNKPH  |9 28151 
650 0 7 |a interpretácia literárneho diela  |2 SNKPH  |9 64731 
655 7 |a štúdie  |2 SNKPH  |9 57033 
773 0 |t Zlatý máj : kritická revue tvorby pro mládež  |g Roč. 15, č. 6 (1971), s. 359-363 
958 |a OND 
958 |a article20 
999 |c 2630799  |d 2632729